000 00325nam a2200145Ia 4500
008 220923s9999 xx 000 0 und d
020 _a9789351434559
082 _bSHU
100 _aSHUKLA, GIRJESH AND TIWARI, MAHIMA
245 0 _aTAX LAW VOL-1
260 _c2015
300 _a409
650 _aTax Law
942 _cBK
999 _c195541
_d195541